Сава | Ignis sanat (Запис номер 120972)
[ съкратено ]
| 000 -Лидер | |
|---|---|
| Контролно поле с фиксирана дължина | nam a22 a 4500 |
| 003 - Код на организацията, давaща контролен номер | |
| Контролно поле | BLK |
| 005 - Дата и час на последна редакция | |
| Контролно поле | 20210719141718.0 |
| 008 - Елементи от данни с фиксирана дължина | |
| fixed length control field | 180409b bul|||||r ||||||| ||bul|| |
| 010 ## - Наследен системен номер | |
| LC control number | KNG00126592000 |
| 040 ## - Източник на каталожния запис | |
| Идентификатор на билиотеката - собственик на записа | BLK |
| 041 ## - Код за език | |
| Код за езика на текст/звукозапис или на отделно заглавие | Български |
| Код за езика КДБФ | Български |
| 080 ## - УДК | |
| Текстов определител УДК | Руска литература |
| УДК код - определител по УДК | 821.161.1 |
| УДК определител | -21 |
| УДК - код + определител | 821.161.1-21 |
| 100 1# - Редна дума - Автор | |
| Автор | Андреев, Леонид Николаевич |
| Авторска отговорност | първи автор |
| R(LIN) | 245407 |
| 139 ## - Редно поле | |
| Редна дума | Андреев, Леонид Николаевич |
| Авторски знак | Андр - А 66 |
| 245 10 - Сведения за заглавието | |
| Заглавие | Сава |
| Подзаглавни данни | Драма в 4 д. |
| Редно поле (дума) | Леонид Николаевич Андреев; прев. от рус. Стефана Попова, Георги Бакалов. |
| 245 10 - Сведения за заглавието | |
| Заглавие | Ignis sanat |
| 257 ## - Страна на издаване | |
| Страна на създаване/издаване | Русия |
| 260 ## - Област на издателските данни | |
| Място на издаване, разпространение и проч. | Бургас |
| Име на издателя, разпространителя и проч. | книж. Сидер Тодоров |
| Година на издаване | 1908 |
| Печатница | Карнобат : Д. Ангелов и Ж. Манев |
| 300 ## - Физическа характеристика | |
| Страници | 88 с. |
| Размери/Мащаб | 20 см |
| 380 ## - Жанр | |
| Жанр | Худож. лит. |
| 490 ## - СЕРИИ (Колекции) | |
| Име на серия | Литературно-научна библиотека |
| №: серия | 9 |
| 9 (RLIN) | 206569 |
| 700 1# - Други автори (авторска отговорност) | |
| Лично име | Попова, Стефана |
| Автороска отговорност (Описва отношението между автора и произведението) | прев. от рус. |
| 9 (RLIN) | 376932 |
| 700 1# - Други автори (авторска отговорност) | |
| Лично име | Бакалов, Георги |
| Автороска отговорност (Описва отношението между автора и произведението) | прев. от рус. |
| 9 (RLIN) | 363975 |
| 852 ## - Местоположение | |
| Форматна сигнатура | Цб 8.195.3075 |
| Фондова буква | Хранилище |
| 856 4# - Електронен адрес и достъп | |
| Електронен формат | pdf - файл |
| 856 4# - Електронен адрес и достъп | |
| Електронен формат | pdf - файл |
| 999 ## - СИСТЕМНИ КОНТРОЛНИ НОМЕРА | |
| Koha biblionumber | 120972 |
| Koha biblioitemnumber | 120972 |
| 942 ## - АРТИКУЛИ | |
| Вид на библиотечния материал | Книги |
| Скрит в OPAC | Не |
| Периодичен библиозапис | Да |
| 944 ## - СЪЗДАВАНЕ И РЕДАКЦИЯ на ЗАПИСА | |
| Създаване/Редакция | Създаване |
| Дата на регистрацията/редакция | 21.01.2012 |
| Статус, дата на статуса | 21.01.2012 - от С1,Р / 21.01.2012 |
| Служител, извършил регистрацията/редакцията | Виолета_Тройчева |
| 944 ## - СЪЗДАВАНЕ И РЕДАКЦИЯ на ЗАПИСА | |
| Създаване/Редакция | Редакция |
| Дата на регистрацията/редакция | 21.01.2012 |
| Статус, дата на статуса | 21.01.2012 - от С1,Р / 21.01.2012 |
| 999 ## - СИСТЕМНИ КОНТРОЛНИ НОМЕРА | |
| Koha biblioitemnumber | 120972 |
| Код за отписване | Код за изгубен артикул | Източник на класификационната схема | Код за повреда | Коз за рестрикции | Код за отдаване | Артикулен № | Име на библиотеката - собственик | Име на библиотеката, в която се намира в момента | Статус (Текущо местоположение) | Дата на вписване в системата | Местоположение - отдел | Цена в лева | Инвентарен номер | Систематично азбучна сигнатура | Баркод | Номер на екземпляра | Цена в евро | Служебна бележка | Служебен тип на артикула |
|---|---|---|---|---|---|---|---|---|---|---|---|---|---|---|---|---|---|---|---|
| Не е изгубен | Universal Decimal Classification | Не е повреден | без рестрикции | ползва се в читалня | 195450 | Регионална библиотека "Любен Каравелов" Русе | Регионална библиотека "Любен Каравелов" Русе | Хранилище | 1908-01-01 | Основен фонд - ползва се само за читалня | 0.07 | 3075 | Цб 8.195.3075 | 900000070531 | 1 | 0.04 | Дост: Pk Вид: Ф N: стар фонд Дата: 01.01.1908 | Книги |